The Silmarillion: Places by Picture - Statistics

General Stats
  • This quiz has been taken 107 times
    40 since last reset
  • The average score is 7 of 12
Answer Stats
Picture Answer % Correct
Gondolin
97%
Valinor
92%
Doriath
81%
Angband
72%
Helcaraxe
72%
Menegroth
72%
Alqualonde
67%
Thangorodrim
61%
Amon Rudh
56%
Cuivienen
56%
Halls of Mandos
6%
Dor Firn i Guinar
0%
No matching quizzes found
Score Distribution
Percent of People with Each Score
Percentile by Number Answered
Your Score History
You have not taken this quiz since the last reset